000 00708nam a2200205Ia 4500
999 _c59623
_d59623
003 GCL
005 20240530110309.0
008 140319s9999 xx 000 0 ara d
040 _aGCL /
_cGCL
082 0 4 _a920/
_bس م
100 0 _aسمير ابوحمدان
245 1 0 _aخيرالدين التونسى :
_bابو النهضة التونسية /
_cسمير ابوحمدان
260 _aبيروت :
_bالشركة العالمية للكتاب ش م ل ،
_c1993
300 _a173 ص ؛
_c24 سم
490 0 _aموسوعة عصر النهضة ؛
_v8
650 0 4 _aالرجال - تراجم
650 0 4 _aخير الدين التونسى
650 0 4 _aتونس - تاريخ
942 _2ddc
_cREF